Elements by Letter - R - Statistics

General Stats
  • This quiz has been taken 123 times
  • The average score is 6 of 8
Answer Stats
Elements % Correct
Radium
98%
Radon
98%
Rhodium
88%
Rutherfordium
85%
Rubidium
76%
Ruthenium
73%
Rhenium
63%
Roentgenium
58%
No matching quizzes found
Score Distribution
Percent of People with Each Score
Percentile by Number Answered
Your Score History
You have not taken this quiz